| 000 | 00560nam a22001577a 4500 | ||
|---|---|---|---|
| 003 | OSt | ||
| 005 | 20221013190815.0 | ||
| 008 | 221012b |||||||| |||| 00| 0 eng d | ||
| 040 | _cBiblioteca Lado V | ||
| 082 |
_a700.74 _bT882h |
||
| 100 |
_aTsivopoulos, Stefanos _eautor _950 |
||
| 245 |
_aHistory Zero/ _b55th International art Exhibition La Bienale di Venezia Grrek Pavilion/ |
||
| 260 |
_bGrecia _c2013 _aMinistry of Education and Religious Affairs, Culture and Sports |
||
| 300 |
_a112p. _c17x24cm |
||
| 942 |
_2ddc _c1 _h700.74 _iT882h _n0 |
||
| 999 |
_c2312 _d2312 |
||